000 00732nam a2200241 i 4500
001 C2-0322496
003 PPAK
005 20180728121402.0
008 130618s2013 my a|||| ||||| | may d
040 _aPPAK
_beng
_cPPAK
_erda
082 0 4 _a297.4
_223
090 0 0 _a297.4
_bMOH
_dKK
100 0 _aMohd Nor b. Mohd Saad,
_eauthor
245 1 0 _aMenyingkap mukjizat Israq dan Mikraj
264 1 _aAlor Setar, Kedah :
_bJabatan Hal Ehwal Agama Islam Negeri Kedah ,
_c2013
300 _a20 pages :
_billustrations ;
_c21 cm
336 _2rdacontent
_atext
337 _2rdamedia
_aunmediated
338 _2rdacarrier
_avolume
500 _aKhutbah Jumaat -Teks dalam tulisan jawi
650 1 0 _aIslamic sermons
942 _ddc
_cB
999 _c122785
_d122785